000 00617nam a2200193Ia 4500
005 20230413121055.0
008 131103s9999 xx 000 0 und d
040 _aLoreto College
041 _aEnglish
082 _a823.5
_bFIE-BAT
245 _aTwentieth century interpretations of Tom Jones
_b a collection of critical essays
_cedited by Martin C.Batterlin
260 _aEnglewood Cliffs
_bPrentice Hall
_c1968
300 _aviii,119 p.
440 _aTwentieth Century Interpretations
504 _aIncludes bibliographical references
700 _aBattestin,Martin C.,ed.
850 _aLCLIB
942 _cBK
999 _c5664
_d56143